| 000 | 00984cab a2200265 4500 | ||
|---|---|---|---|
| 001 | ABS48542 | ||
| 008 | 090401t1993 xxu||||| |||| 00| 0 eng d | ||
| 035 | _a(Sirsi) u67301 | ||
| 041 | _aeng | ||
| 100 | _aCottam, G. | ||
| 245 | _aWhat to do about architects, time extensions and culpable delays | ||
| 260 | _c1993 | ||
| 350 | _a0 | ||
| 490 |
_aConstruction News _v(6513) 6 May 1993, 16(1) |
||
| 520 | _aWith reference to "Balfour Beatty Ltd v Chestermount", examines whether the architect has power to issue a new variation order during a period of delay for which the contractor is responsible, and if so when does the extension run from? | ||
| 650 | _aBUILT ENVIRONMENT-BUILDING CONTRACT FORMS | ||
| 650 | _aCLAIMS | ||
| 650 | _aCOMPLETION CLAUSE | ||
| 650 | _aDELAY | ||
| 650 | _aEXTENSION OF TIME | ||
| 650 | _aJCT STANDARD FORM OF BUILDING CONTRACT (1980 EDITION) | ||
| 690 | _aBUILT ENVIRONMENT-BUILDING CONTRACT FORMS | ||
| 942 | _n0 | ||
| 948 | _c04/03/1997 | ||
| 999 |
_c42117 _d42117 |
||